Vlastníci lesov chcú vystupovať jednotne

Bibliographic Details
Main Authors: Fillo, Peter (Author, Interviewer), Vanko, Juraj (Author)
Format: Article
Language:Slovak
Subjects:

MARC

LEADER 00000nab a2200000 ar4500
001 vtls008625891
003 SK-MaSNL
005 20260303071905.0
008 060224c20060127xo wr|p|||||||000 b|slo
015 |a SNBRB2006/02  |2 snkbucl 
038 |a SNKBUCL 
040 |a SNKBUCL  |b slo  |c SNKBUCL  |e AACR2 
041 0 |a slo 
044 |a xo  |c SK 
080 |a 630*94  |x (437.6)  |2 1997 
100 1 |a Fillo, Peter  |4 ivr  |4 aut  |9 840144 
245 1 0 |a Vlastníci lesov chcú vystupovať jednotne  |c Peter Fillo, Juraj Vanko 
610 2 7 |a Rada združení vlastníkov neštátnych lesov Slovenska  |2 snkbucl  |9 1071155 
700 1 |a Vanko, Juraj  |4 ive  |4 aut  |9 797934 
773 0 |t Sme. Roľnícke noviny  |g Č. 21 (27.1.2006)  |x 1335-440X 
773 0 8 |i Príl.:  |t Roľnícke noviny  |g Č. 5 (27.1.2006), s. 3 
852 |a SNK  |b KIS3GCP 
999 |c 1761846  |d 1763776